Vocabulaire anglais des RH #2 - Statistiques

Statistiques générales
  • Ce quiz a été pris 29 fois
  • Le résultat moyen est 8 sur 38
Statistiques - réponses
Hint Réponse % Correct
society, company entreprise
72%
finance finance
60%
advertising publicité
52%
cosmetics cosmétiques
48%
banking banque
44%
communication and media communication et média
44%
HR, Human Resources ressources humaines
44%
sales vente
44%
research recherche
40%
textile industry industrie textile
36%
car industry industrie automobile
32%
SMB, SME (Small and Medium size Business/Entreprise) PME
32%
petrochemistry pétrochimie
28%
plant, factory, facility usine
28%
petrochemical industry industrie pétrochimique
24%
(liberal/learned) profession profession libérale
24%
multinational company, corporation multinationale
20%
metal(lurgical) industry métallurgie
16%
publishing édition
12%
chemical industries industries chimiques
12%
corporate de l'entreprise
8%
heavy/basic industry industrie lourde
8%
hotel industry, tourist industry industrie touristique
8%
area secteur
8%
business société(s)
8%
facilities équipements
4%
cottage industry industrie artisanale
4%
service industries, service sector service tertiaire
4%
PLC (Public Limited Company) société anonyme
4%
charity association caricative
0%
mechanical engineering construction mécanique
0%
electrical engineering électrotechnique
0%
firm firme, cabinet
0%
smokestack industries manufactures
0%
trade, business métier, secteur d'activité
0%
corporation SARL
0%
IT (Informational Technologies) technologies d'information
0%
marketing vente, mercatique, marketing
0%
Aucun quiz correspondant
Distribution des résultats
% des personnes avec chaque résultat
Percentile par nombre de réponses
Votre historique - résultats
Vous n’avez pas pris ce quiz